000 00704cab a2200229 4500
001 WB2631-28
008 090401t1990 xxu||||| |||| 00| 0 eng d
035 _a(Sirsi) u35708
041 _aeng
245 _aUtilities spark property boom
260 _c1990
350 _a0
490 _aComputer Weekly
_v28/6/90
520 _aProperty management software manufacturers look set to benefit as the privatised utilities seek ways to profit from their property and land assets .
650 _aCOMPUTERS
650 _aDEVELOPMENT
650 _aPRIVATISATION
650 _aPROPERTY MANAGER
690 _aMANAGEMENT-BUSINESS MANAGEMENT-INFORMATION MANAGEMENT
942 _n0
948 _c04/03/1997
999 _c23355
_d23355